| 000 | 00953nam a2200241Ia 4500 | ||
|---|---|---|---|
| 008 | 0000002004 usad 0000000000eng00 | ||
| 090 | _aPUS00 H64d | ||
| 100 | 1 |
_aHolden, Donald _d1931 |
|
| 245 | 1 | 0 |
_aDonald Holden _b: watercolors _c/ text by Donald Holden ; introduction by Richard Boyle |
| 300 |
_a42 p. _c/ 28 cm. |
||
| 500 | _aIncluye datos biográficos del artista \ Registro auspiciado por la FGAA. Bogotá | ||
| 501 | _aEmotion recollected in tranquility / Richard Boyle Painting form nature : in the studio / Donald Holden | ||
| 600 | 0 | 0 |
_aHOLDEN, DONALD, 1931/ _xTRABAJOS PICTORICOS |
| 650 | 1 | 4 | _aACUARELA |
| 650 | 1 | 4 | _aARTE CONTEMPORANEO ESTADOUNIDENSE |
| 650 | 1 | 4 | _aARTISTAS PLASTICOS ESTADOUNIDENSES |
| 650 | 1 | 4 | _xCATALOGOS |
| 650 | 1 | 4 | _aNATURALEZA EN EL ARTE |
| 650 | 1 | 4 | _aPINTORES ESTADOUNIDENSES |
| 650 | 1 | 4 | _aPINTURA ESTADOUNIDENSE |
| 700 | 1 | _aBoyle, Richard | |
| 999 |
_c11026 _d11026 |
||
| 260 |
_a[New York] : Ruder Finn _c2004 |
||